01384nam a22003494a 4500001001100000003000800011006001900019007001500038008004100053010001700094020001500111040002100126035002000147050002500167082001900192100002600211245016700237260004100404300002300445490004200468504004100510533015200551650004100703650002600744650001700770650001800787655002900805710001700834830004300851856012500894999001501019ebr5007370CaPaEBRm u cr cn|||||||||000808s2000 dcua sb i000 0 eng  z 00063436  z0821348183 aCaPaEBRcCaPaEBR a(OCoLC)5055314614aHC79.C3bB795 2000eb04a332.67/2532211 aBubnova, Nina,d1974-10aGovernance impact on private investmenth[electronic resource] :bevidence from the international patterns of infrastructure bond risk pricing /cNina B. Bubnova. aWashington, DC :bWorld Bank,c2000. axiv, 79 p. :bill.1 aWorld Bank technical paper ;vno. 488 aIncludes bibliographical references. aElectronic reproduction.bPalo Alto, Calif. :cebrary,d2013.nAvailable via World Wide Web.nAccess may be limited to ebrary affiliated libraries. 0aInfrastructure (Economics)xFinance. 0aCorporate governance. 0aInvestments. 0aCountry risk. 7aElectronic books.2local2 aebrary, Inc. 0aWorld Bank technical paper ;vno. 488.40uhttp://site.ebrary.com/lib/rucke/Doc?id=5007370zAn electronic book accessible through the World Wide Web; click to view c5153d5153